[Event "BLR-ch sf"]
[Site "Minsk"]
[Date "2023.12.12"]
[Round "6"]
[White "Kryklivy, Tsimafei"]
[Black "Yadzievich, Mark"]
[Result "1-0"]
[WhiteElo "1356"]
[BlackElo "1161"]
[PlyCount "69"]
[EventDate "2023.12.07"]
[EventType "swiss"]
[EventRounds "9"]
[EventCountry "BLR"]
[SourceTitle "CB51_2023"]
[SourceDate "2023.12.20"]
[SourceVersion "1"]
[SourceVersionDate "2023.12.20"]
[SourceQuality "1"]

1. d4 Nf6 2. c4 e6 3. Nf3 Bb4+ 4. Bd2 Bxd2+ 5. Qxd2 0-0 6. Nc3 d5 7. g3 b6 8. Bg2 Bb7 9. Ne5 Nbd7 10. 0-0 c5 11. e3 Rc8 12. Rfd1 cxd4 13. exd4 Ne4 14. Nxe4 dxe4 15. Nxd7 Qxd7 16. Rac1 Rc7 17. Qf4 f5 18. b3 Rd8 19. Bf1 Qe7 20. Qe5 Rcd7 21. Rc2 Qd6 22. Qb5 a6 23. Qa4 Qc6 24. Qxc6 Bxc6 25. Rcd2 Kf7 26. d5 exd5 27. cxd5 b5 28. dxc6 Rxd2 29. Rxd2 Rxd2 30. c7 Rc2 31. Bc4+ bxc4 32. c8Q c3 33. Qxf5+ Kg8 34. Qxe4 Rxa2 35. Qe8# 1-0